méchants de Disney - Statistiques

Statistiques générales
  • Ce quiz a été pris 127 fois
  • Le résultat moyen est 7 sur 15
Statistiques - réponses
Hint Réponse % Correct
5 jafar
77%
4 Ursula
74%
9 la méchante reine
72%
3 scar
72%
15 la sorcière maléfique
71%
1 Maléfique
71%
13 Gaston
51%
6 Hadès
49%
8 Le Capitaine Crochet
42%
2 cruella d'enfer
35%
14 Prince Hans
34%
10 Lady Tremaine
30%
11 Shere Khan
27%
7 Reine de Cœur
24%
12 Dr. Facilier
17%
Aucun quiz correspondant
Distribution des résultats
% des personnes avec chaque résultat
Percentile par nombre de réponses
Votre historique - résultats
Vous n’avez pas pris ce quiz